000 00597nam a2200217Ia 4500
005 20250326144538.0
008 250326s9999 xx 000 0 und d
020 _a0 521 66084 X
037 _aTextbook
040 _aFMSL
_beng
_cFMSL
041 _aeng
_2eng
084 _aS(X:8) P2
_qFMSL
100 _aGowda R
_9749865
245 0 _aJudgments, decisions and public policy
_cGowda R; Fox J C
260 _aUnited Kingdom
_bUnited Kingdom, Cambridge
_c2002
300 _a372p
365 _b1950
650 _aManagement
942 _cTB
_hS(X:8) P2
999 _c1304117
_d1304117